Personnalités nées dans les Bouches-du-Rhône par images - Statistiques

Statistiques générales
  • Ce quiz a été pris 108 fois
  • Le résultat moyen est 10 sur 24
Statistiques - réponses
Par images Réponse % Correct
Zinédine Zidane
99%
Soprano
90%
Patrick Fiori
84%
Jean-Pierre Foucault
81%
Fernandel
80%
Éric Cantona
77%
Clara Luciani
76%
Frank Leboeuf
73%
Lucas Hernandez
69%
Jeanne Calment
50%
Marina Kaye
47%
Akhenaton
41%
Marcel Pagnol
41%
Gilbert Collard
32%
Adolphe Thiers
31%
Nostradamus
31%
Ariane Ascaride
10%
Daniel Russo
10%
Paul Cézanne
7%
Louis Jourdan
2%
Géraldine Pailhas
1%
Honoré Daumier-Nadar
1%
Darius Milhaud
0%
Dazincourt
0%
Aucun quiz correspondant
Distribution des résultats
% des personnes avec chaque résultat
Percentile par nombre de réponses
Votre historique - résultats
Vous n’avez pas pris ce quiz